| 000 | 00344nam a2200145Ia 4500 | ||
|---|---|---|---|
| 008 | 210210b1935 xxu||||| |||| 00| 0 eng d | ||
| 041 | _aeng | ||
| 082 | _a829/316 | ||
| 100 | _aDIVER (Maud) | ||
| 245 | _aLilamani | ||
| 260 |
_aLondon _bWilliam Blackwood and Sons _c1935 |
||
| 650 | _aLilamani | ||
| 690 | _aEnglish Fiction | ||
| 906 | _a016921 | ||
| 999 |
_c136840 _d136840 |
||